Financial reforms essential in Eastern European economies.
Obsah referátu medzinárodného ekonomického konzultanta L. J. Brainarda o doterajších snahách krajín východnej Európy o finančné reformy, dôvody ich neúspechu, návrhy nového prístupu k reformám. Nevyhnutnosť prepojenia bankovej reformy a privatizácie podnikov.
Gespeichert in:
| Format: | Buchkapitel |
|---|---|
| Sprache: | Englisch |
| Schlagworte: | |
| Tags: |
Keine Tags, Fügen Sie das erste Tag hinzu!
|
MARC
| LEADER | 00000naa a2200000 4500 | ||
|---|---|---|---|
| 001 | r003383 | ||
| 005 | 20221213084119.5 | ||
| 041 | 0 | |a eng | |
| 044 | |a US | ||
| 245 | 1 | 0 | |a Financial reforms essential in Eastern European economies. |
| 520 | |a Obsah referátu medzinárodného ekonomického konzultanta L. J. Brainarda o doterajších snahách krajín východnej Európy o finančné reformy, dôvody ich neúspechu, návrhy nového prístupu k reformám. Nevyhnutnosť prepojenia bankovej reformy a privatizácie podnikov. | ||
| 610 | 2 | 0 | |a reformy hospodárske |
| 610 | 2 | 0 | |a financie |
| 610 | 2 | 0 | |a východná Európa |
| 610 | 2 | 0 | |a bankovníctvo |
| 610 | 2 | 0 | |a privatizácia |
| 610 | 2 | 0 | |a politika finančná |